000 00364nam a2200145Ia 4500
008 230917s9999||||xx |||||||||||||| ||und||
040 _e12124
_aMAIN
041 _aEnglish
082 _a001.64 S81C
100 _aSpriet, Jan A
245 0 _aComputer aided modelling and simulation
260 _aLondon
_bAcademic Press
_c1982
300 _ax, 490 p.
942 _cBK
999 _c78296
_d78296